[Event "47th GRE-chT 2019"]
[Site "Patra"]
[Date "2019.07.04"]
[Round "4.13"]
[White "Halkias, Stelios"]
[Black "Georgiev, Krum"]
[Result "1/2-1/2"]
[WhiteElo "2553"]
[BlackElo "2323"]
[Annotator "ChessBase"]
[PlyCount "59"]
[EventDate "2019.07.02"]
[EventCountry "GRE"]
[SourceTitle "playchess.com"]
[Source "ChessBase"]
[SourceQuality "1"]
[TimeControl "5400+30"]

1. Nf3 {[%emt 0:00:19]} g6 {[%emt 0:00:31]} 2. c4 {[%emt 0:01:04]} Bg7 {[%emt 0:00:28]} 3. d4 {[%emt 0:00:32]} d6 {[%emt 0:01:48]} 4. Nc3 {[%emt 0:00:53]} Nf6 {[%emt 0:00:24]} 5. e4 {[%emt 0:00:20]} O-O {[%emt 0:00:12]} 6. Be2 {[%emt 0:00:14]} e5 {[%emt 0:00:12]} 7. Be3 {[%emt 0:00:40]} Ng4 {[%emt 0:16:26]} 8. Bg5 {[%emt 0:00:43]} f6 {[%emt 0:00:09]} 9. Bh4 {[%emt 0:00:12]} Qe8 {[%emt 0:05:27]} 10. c5 {[%emt 0:16:32]} dxc5 {[%emt 0:20:43]} 11. dxe5 {[%emt 0:19:56]} Nxe5 {[%emt 0:14:28]} 12. Nxe5 {[%emt 0:02:10]} fxe5 {[%emt 0:00:00]} 13. Qd5+ {[%emt 0:01:18]} Kh8 {[%emt 0:00:17]} 14. Qxc5 {[%emt 0:00:38]} c6 {[%emt 0:03:26]} 15. Rd1 {[%emt 0:06:31]} Be6 {[%emt 0:01:51]} 16. Qb4 {[%emt 0:12:40]} Qc8 {[%emt 0:01:16]} 17. O-O {[%emt 0:04:02]} Re8 {[%emt 0:04:06]} 18. Rd6 {[%emt 0:15:08]} Nd7 {[%emt 0:10:03]} 19. Rxe6 {[%emt 0:03:30]} Rxe6 {[%emt 0:00:05]} 20. Bg4 {[%emt 0:00:05]} a5 {[%emt 0:04:26]} 21. Qa3 {[%emt 0:02:29]} Qe8 {[%emt 0:01:47]} 22. Bxe6 {[%emt 0:07:38]} Qxe6 {[%emt 0:00:04]} 23. Rd1 {[%emt 0:00:11]} Bf8 {[%emt 0:04:42]} 24. Qa4 {[%emt 0:02:12]} Nc5 {[%emt 0:01:45]} 25. Qc2 {[%emt 0:00:07]} Be7 {[%emt 0:00:12]} 26. Bg3 {[%emt 0:01:21]} Rd8 {[%emt 0:00:56]} 27. h3 {[%emt 0:01:01]} Kg7 {[%emt 0:00:57]} 28. Rxd8 {[%emt 0:00:41]} Bxd8 {[%emt 0:00:04]} 29. Nd1 {[%emt 0:00:34]} Nd7 {[%emt 0:02:34]} 30. b3 {[%emt 0:00:45]} 1/2-1/2

[Event "47th GRE-chT 2019"]
[Site "Patra"]
[Date "2019.07.04"]
[Round "4.13"]
[White "Azis, Azizis Ektoras"]
[Black "Vragoteris, Antonios"]
[Result "0-1"]
[WhiteElo "2191"]
[BlackElo "2168"]
[Annotator "NA"]
[PlyCount "80"]
[EventDate "2019.07.02"]
[EventCountry "GRE"]
[SourceTitle "playchess.com"]
[Source "ChessBase"]
[SourceQuality "1"]
[TimeControl "5400+30"]

1. Nf3 {[%emt 0:00:00]} c5 {[%emt 0:05:26]} 2. c4 {[%emt 0:00:05]} Nc6 {[%emt 0:01:56]} 3. d4 {[%emt 0:00:20]} cxd4 {[%emt 0:00:38]} 4. Nxd4 {[%emt 0:00:11]} g6 {[%emt 0:00:53]} 5. e4 {[%emt 0:03:00]} Bg7 {[%emt 0:01:27]} 6. Nc2 {[%emt 0:01:16]} Nf6 {[%emt 0:01:36]} 7. Nc3 {[%emt 0:00:19]} O-O {[%emt 0:01:03]} 8. Be2 {[%emt 0:01:01]} d6 {[%emt 0:01:45]} 9. O-O {[%emt 0:00:32]} Bd7 {[%emt 0:01:18]} 10. Rb1 {[%emt 0:06:32]} Rc8 {[%emt 0:01:17]} 11. b3 {[%emt 0:08:30]} a6 {[%emt 0:01:25]} 12. h3 {[%emt 0:13:11]} b5 {[%emt 0:27:16]} 13. cxb5 {[%emt 0:02:06]} axb5 {[%emt 0:00:19]} 14. Bxb5 {[%emt 0:13:04]} Ne5 {[%emt 0:00:15]} 15. Bxd7 {[%emt 0:01:41]} Rxc3 {[%emt 0:00:28]} 16. Bb5 {[%emt 0:10:50]} Nxe4 {[%emt 0:00:35]} 17. Qe2 {[%emt 0:03:53]} Qa8 {[%emt 0:12:03]} 18. a4 {[%emt 0:12:22]} Rxh3 {[%emt 0:11:56]} 19. Bb2 {[%emt 0:09:39]} Rxb3 {[%emt 0:08:19]} 20. Nd4 {[%emt 0:04:39]} Rb4 {[%emt 0:05:54]} 21. Qe1 {[%emt 0:03:51]} Rxb2 {[%emt 0:10:54]} 22. Rxb2 {[%emt 0:00:08]} Nf3+ {[%emt 0:00:33]} 23. Nxf3 {[%emt 0:02:55]} Bxb2 {[%emt 0:00:09]} 24. Qe3 {[%emt 0:00:58]} Bf6 {[%emt 0:00:50]} 25. Nd4 {[%emt 0:00:37]} Rc8 {[%emt 0:01:36]} 26. Re1 {[%emt 0:00:35]} Nc5 {[%emt 0:01:01]} 27. Nb3 {[%emt 0:00:37]} Nxa4 {[%emt 0:00:37]} 28. Rc1 {[%emt 0:00:26]} Nc3 {[%emt 0:00:40]} 29. Bf1 {[%emt 0:00:38]} Qa3 {[%emt 0:00:56]} 30. Qb6 {[%emt 0:00:19]} Kg7 {[%emt 0:00:25]} 31. Re1 {[%emt 0:00:42]} Qa8 {[%emt 0:00:36]} 32. Nd2 {[%emt 0:00:23]} Qd5 {[%emt 0:00:39]} 33. Nf3 {[%emt 0:00:18]} g5 {[%emt 0:00:36]} 34. Nh2 {[%emt 0:00:35]} h5 {[%emt 0:00:33]} 35. Qa6 {[%emt 0:00:05]} Rc5 {[%emt 0:00:37]} 36. Qa7 {[%emt 0:00:26]} e6 {[%emt 0:00:23]} 37. g3 {[%emt 0:01:01]} Qd2 38. Nf3 {[%emt 0:00:20]} Qa2 {[%emt 0:01:28]} 39. Qd7 {[%emt 0:00:37]} g4 {[%emt 0:00:20]} 40. Nh2 {[%emt 0:00:00]} Bd4 {[%emt 0:00:00]} 0-1

[Event "47th GRE-chT 2019"]
[Site "Patra"]
[Date "2019.07.04"]
[Round "4.14"]
[White "Alexiadis, Hristos"]
[Black "Georgiadis, Ioannis"]
[Result "0-1"]
[WhiteElo "2344"]
[BlackElo "2476"]
[Annotator "ChessBase"]
[PlyCount "64"]
[EventDate "2019.07.02"]
[EventCountry "GRE"]
[SourceTitle "playchess.com"]
[Source "ChessBase"]
[SourceQuality "1"]
[TimeControl "5400+30"]

1. d4 {[%emt 0:00:00]} Nf6 {[%emt 0:00:00]} 2. Nf3 {[%emt 0:00:47]} e6 {[%emt 0:00:00]} 3. Bg5 {[%emt 0:00:49]} h6 {[%emt 0:00:00]} 4. Bh4 {[%emt 0:00:34]} d6 {[%emt 0:00:48]} 5. Nbd2 {[%emt 0:00:21]} g5 {[%emt 0:00:08]} 6. Bg3 {[%emt 0:00:10]} Nh5 {[%emt 0:03:15]} 7. e4 {[%emt 0:00:27]} Bg7 {[%emt 0:00:08]} 8. c3 {[%emt 0:01:41]} Qe7 {[%emt 0:10:40]} 9. Be2 {[%emt 0:02:36]} Nd7 {[%emt 0:00:20]} 10. O-O {[%emt 0:03:39]} b6 {[%emt 0:02:03]} 11. a4 {[%emt 0:00:34]} a6 {[%emt 0:08:42]} 12. Nc4 {[%emt 0:11:03]} Bb7 {[%emt 0:05:03]} 13. Bd3 {[%emt 0:03:13]} Nxg3 {[%emt 0:00:07]} 14. hxg3 {[%emt 0:00:29]} g4 {[%emt 0:02:27]} 15. Nh4 {[%emt 0:04:23]} h5 {[%emt 0:07:31]} 16. d5 {[%emt 0:02:42]} Nf8 {[%emt 0:11:30]} 17. e5 {[%emt 0:18:59]} Bxe5 {[%emt 0:00:12]} 18. dxe6 {[%emt 0:02:52]} Nxe6 {[%emt 0:04:08]} 19. Re1 {[%emt 0:04:15]} O-O-O {[%emt 0:01:51]} 20. Qe2 {[%emt 0:10:26]} Bf6 {[%emt 0:00:06]} 21. Nf5 {[%emt 0:01:48]} Qe8 {[%emt 0:20:58]} 22. Qf1 {[%emt 0:01:45]} Kb8 {[%emt 0:02:27]} 23. Na3 {[%emt 0:05:07]} a5 {[%emt 0:01:20]} 24. Bb5 {[%emt 0:00:30]} Qg8 {[%emt 0:01:16]} 25. Ba6 {[%emt 0:03:03]} Ba8 {[%emt 0:07:07]} 26. Nh4 {[%emt 0:04:40]} Bxh4 {[%emt 0:00:05]} 27. gxh4 {[%emt 0:00:33]} g3 {[%emt 0:00:01]} 28. f3 {[%emt 0:00:40]} Qg7 {[%emt 0:01:29]} 29. Qc4 {[%emt 0:00:54]} d5 {[%emt 0:06:01]} 30. Qe2 {[%emt 0:00:33]} Qf6 {[%emt 0:00:04]} 31. Kf1 {[%emt 0:01:08]} Qxh4 {[%emt 0:00:04]} 32. Qe3 {[%emt 0:01:57]} Nf4 {[%emt 0:01:37]} 0-1

[Event "47th GRE-chT 2019"]
[Site "Patra"]
[Date "2019.07.04"]
[Round "4.14"]
[White "Maisuradze, Nino"]
[Black "Radeva, Viktoria"]
[Result "1/2-1/2"]
[WhiteElo "2197"]
[BlackElo "2247"]
[Annotator "NA"]
[PlyCount "49"]
[EventDate "2019.07.02"]
[EventCountry "GRE"]
[SourceTitle "playchess.com"]
[Source "ChessBase"]
[SourceQuality "1"]
[TimeControl "5400+30"]

1. d4 {[%emt 0:00:00]} d5 {[%emt 0:00:00]} 2. c4 {[%emt 0:00:00]} e6 {[%emt 0:00:00]} 3. Nf3 {[%emt 0:00:30]} Nf6 {[%emt 0:00:00]} 4. Bg5 {[%emt 0:02:14]} c6 {[%emt 0:02:29]} 5. cxd5 {[%emt 0:06:17]} exd5 {[%emt 0:00:10]} 6. Qc2 {[%emt 0:00:21]} Be7 {[%emt 0:00:30]} 7. Nc3 {[%emt 0:00:29]} Nbd7 {[%emt 0:00:23]} 8. e3 {[%emt 0:00:19]} O-O {[%emt 0:00:41]} 9. Bd3 {[%emt 0:00:08]} Re8 {[%emt 0:00:26]} 10. O-O {[%emt 0:00:18]} Nf8 {[%emt 0:00:09]} 11. h3 {[%emt 0:00:15]} Ne4 {[%emt 0:07:39]} 12. Bf4 {[%emt 0:03:59]} f5 {[%emt 0:25:59]} 13. Ne5 {[%emt 0:02:35]} Bf6 {[%emt 0:04:16]} 14. b4 {[%emt 0:12:15]} Nd7 {[%emt 0:08:22]} 15. Nxd7 {[%emt 0:01:45]} Bxd7 {[%emt 0:01:18]} 16. Na4 {[%emt 0:07:49]} Qe7 {[%emt 0:04:22]} 17. Rab1 {[%emt 0:16:03]} g5 {[%emt 0:22:42]} 18. Bh2 {[%emt 0:00:09]} h5 {[%emt 0:01:55]} 19. Nc5 {[%emt 0:01:36]} Bc8 {[%emt 0:00:21]} 20. Kh1 {[%emt 0:03:05]} g4 {[%emt 0:02:45]} 21. Bf4 {[%emt 0:02:03]} Bg5 {[%emt 0:04:01]} 22. Be5 {[%emt 0:05:19]} Bf6 {[%emt 0:01:19]} 23. Bf4 {[%emt 0:01:59]} Bg5 {[%emt 0:01:29]} 24. Be5 {[%emt 0:01:40]} Bf6 {[%emt 0:03:58]} 25. Bf4 {[%emt 0:03:28]} 1/2-1/2

[Event "47th GRE-chT 2019"]
[Site "Patra"]
[Date "2019.07.04"]
[Round "4.15"]
[White "Botsari, Anna-Maria"]
[Black "Szczepkowska, Karina"]
[Result "1/2-1/2"]
[WhiteElo "2233"]
[BlackElo "2425"]
[Annotator "NA"]
[PlyCount "60"]
[EventDate "2019.07.02"]
[EventCountry "GRE"]
[SourceTitle "playchess.com"]
[Source "ChessBase"]
[SourceQuality "1"]
[TimeControl "5400+30"]

1. d4 {[%emt 0:03:14]} Nf6 {[%emt 0:00:00]} 2. c4 {[%emt 0:00:04]} e6 {[%emt 0:00:29]} 3. g3 {[%emt 0:00:11]} Bb4+ {[%emt 0:01:05]} 4. Bd2 {[%emt 0:00:07]} Qe7 {[%emt 0:01:02]} 5. Bg2 {[%emt 0:00:33]} Nc6 {[%emt 0:10:00]} 6. d5 {[%emt 0:01:06]} Ne5 {[%emt 0:06:31]} 7. Qb3 {[%emt 0:00:04]} Bc5 {[%emt 0:01:19]} 8. e3 {[%emt 0:08:53]} exd5 {[%emt 0:07:14]} 9. cxd5 {[%emt 0:00:06]} d6 {[%emt 0:00:47]} 10. h3 {[%emt 0:04:08]} Bf5 {[%emt 0:13:51]} 11. Nc3 {[%emt 0:05:47]} O-O {[%emt 0:03:50]} 12. Nge2 {[%emt 0:03:57]} Nd3+ {[%emt 0:06:06]} 13. Kf1 {[%emt 0:00:10]} Rfe8 {[%emt 0:00:28]} 14. Nd4 {[%emt 0:22:48]} Bg6 {[%emt 0:15:46]} 15. Kg1 {[%emt 0:14:42]} Bb6 {[%emt 0:03:46]} 16. Nce2 {[%emt 0:15:04]} Nc5 {[%emt 0:02:15]} 17. Qd1 {[%emt 0:00:27]} Be4 {[%emt 0:07:17]} 18. Nc3 {[%emt 0:00:37]} Bxg2 {[%emt 0:02:22]} 19. Kxg2 {[%emt 0:00:05]} Nce4 {[%emt 0:04:58]} 20. Nde2 {[%emt 0:02:20]} Ba5 {[%emt 0:02:41]} 21. Rc1 {[%emt 0:10:13]} Rac8 {[%emt 0:00:44]} 22. Nf4 {[%emt 0:01:26]} Nxd2 {[%emt 0:02:16]} 23. Qxd2 {[%emt 0:00:04]} Ne4 {[%emt 0:00:07]} 24. Qd4 {[%emt 0:00:54]} Bxc3 {[%emt 0:01:20]} 25. bxc3 {[%emt 0:00:03]} Nc5 {[%emt 0:01:24]} 26. Rhd1 {[%emt 0:00:22]} Qg5 {[%emt 0:00:59]} 27. Qb4 {[%emt 0:01:41]} b6 {[%emt 0:00:57]} 28. Rd4 {[%emt 0:00:20]} Qf5 {[%emt 0:01:01]} 29. Qb1 {[%emt 0:00:13]} Qxb1 {[%emt 0:02:08]} 30. Rxb1 {[%emt 0:00:03]} g6 {[%emt 0:01:39]} 1/2-1/2

[Event "47th GRE-chT 2019"]
[Site "Patra"]
[Date "2019.07.04"]
[Round "4.15"]
[White "Grafakou, Sotiria-Aphrodite"]
[Black "Houhouli, Hristina"]
[Result "1-0"]
[WhiteElo "1684"]
[BlackElo "1428"]
[Annotator "NA"]
[PlyCount "81"]
[EventDate "2019.07.02"]
[EventCountry "GRE"]
[SourceTitle "playchess.com"]
[Source "ChessBase"]
[SourceQuality "1"]
[TimeControl "5400+30"]

1. d4 Nf6 2. c4 e6 3. Nc3 Bb4 4. e3 O-O 5. Nge2 d6 6. a3 Bxc3+ 7. Nxc3 Re8 8. Bd3 e5 9. O-O Qe7 10. f3 Nbd7 11. Nb5 Nf8 12. b4 Ng6 13. Bd2 a6 14. Nc3 b6 15. d5 Bb7 16. Qb3 Nd7 17. a4 Qg5 18. Ne4 Qe7 19. Ng3 Nh4 20. a5 Rf8 21. Qc2 Kh8 22. f4 exf4 23. Rxf4 Ng6 24. Nf5 Qd8 25. Rf2 Nde5 26. Bc3 Re8 27. Raf1 f6 28. Nd4 Ng4 29. Ne6 Qd7 30. Rf3 N4e5 31. Bxe5 Nxe5 32. Rh3 h6 33. Rg3 Rg8 34. Bh7 Rge8 35. Rxg7 Qxg7 36. Nxg7 Kxg7 37. Bf5 Rg8 38. Be6 Rgf8 39. Qf2 Nxc4 40. Qg3+ Kh7 41. Bf5+ 1-0

[Event "47th GRE-chT 2019"]
[Site "Patra"]
[Date "2019.07.04"]
[Round "4.16"]
[White "Louka, Magdalini"]
[Black "Avramidou, Anastasia"]
[Result "1/2-1/2"]
[WhiteElo "1766"]
[BlackElo "2260"]
[Annotator "NA"]
[PlyCount "43"]
[EventDate "2019.07.02"]
[EventCountry "GRE"]
[SourceTitle "playchess.com"]
[Source "ChessBase"]
[SourceQuality "1"]
[TimeControl "5400+30"]

1. e4 {[%emt 0:02:41]} c5 {[%emt 0:00:00]} 2. Nf3 {[%emt 0:00:07]} e6 {[%emt 0:00:00]} 3. d4 {[%emt 0:00:08]} cxd4 {[%emt 0:00:00]} 4. Nxd4 {[%emt 0:00:05]} a6 {[%emt 0:04:50]} 5. c4 {[%emt 0:00:28]} Nf6 {[%emt 0:00:22]} 6. Nc3 {[%emt 0:00:13]} Qc7 {[%emt 0:00:41]} 7. Be2 {[%emt 0:01:12]} b6 {[%emt 0:01:16]} 8. Be3 {[%emt 0:01:39]} Bb7 {[%emt 0:00:59]} 9. f3 {[%emt 0:04:50]} Be7 {[%emt 0:01:11]} 10. O-O {[%emt 0:00:14]} O-O {[%emt 0:01:30]} 11. Qd2 {[%emt 0:03:30]} d6 {[%emt 0:04:09]} 12. Rfc1 {[%emt 0:01:34]} Nbd7 {[%emt 0:03:10]} 13. a4 {[%emt 0:08:04]} Rfc8 {[%emt 0:11:11]} 14. a5 {[%emt 0:05:20]} bxa5 {[%emt 0:04:30]} 15. Nb3 {[%emt 0:00:11]} Rab8 {[%emt 0:07:03]} 16. Ba7 {[%emt 0:00:08]} Ra8 {[%emt 0:00:06]} 17. Be3 {[%emt 0:38:23]} Rab8 {[%emt 0:07:05]} 18. Ba7 {[%emt 0:01:17]} Ra8 {[%emt 0:00:09]} 19. Be3 {[%emt 0:00:09]} Rab8 {[%emt 0:00:23]} 20. Ba7 {[%emt 0:00:09]} Ra8 {[%emt 0:00:09]} 21. Be3 {[%emt 0:00:59]} Rab8 22. Ba7 {[%emt 0:00:30]} 1/2-1/2

[Event "47th GRE-chT 2019"]
[Site "Patra"]
[Date "2019.07.04"]
[Round "4.16"]
[White "Batsi, Varvara"]
[Black "Gioutsou, Miranta"]
[Result "1/2-1/2"]
[WhiteElo "1214"]
[BlackElo "1476"]
[Annotator "NA"]
[PlyCount "65"]
[EventDate "2019.07.02"]
[EventCountry "GRE"]
[SourceTitle "playchess.com"]
[Source "ChessBase"]
[SourceQuality "1"]
[TimeControl "5400+30"]

1. d4 {[%emt 0:00:00]} d5 {[%emt 0:00:00]} 2. c4 {[%emt 0:00:00]} dxc4 {[%emt 0:00:37]} 3. e4 {[%emt 0:00:24]} e5 {[%emt 0:12:46]} 4. d5 {[%emt 0:16:48]} b5 {[%emt 0:17:54]} 5. a4 {[%emt 0:06:12]} Nf6 {[%emt 0:08:28]} 6. Bg5 {[%emt 0:08:33]} c6 {[%emt 0:09:52]} 7. Bxf6 {[%emt 0:12:14]} Qxf6 {[%emt 0:02:53]} 8. dxc6 {[%emt 0:04:32]} Qxc6 {[%emt 0:01:57]} 9. f3 {[%emt 0:09:57]} Bb4+ {[%emt 0:09:11]} 10. Nc3 {[%emt 0:00:37]} Bxc3+ {[%emt 0:01:38]} 11. bxc3 {[%emt 0:00:06]} Be6 {[%emt 0:08:18]} 12. axb5 {[%emt 0:05:30]} Qxb5 {[%emt 0:00:09]} 13. Qa4 {[%emt 0:00:04]} Qxa4 {[%emt 0:05:29]} 14. Rxa4 {[%emt 0:00:07]} O-O {[%emt 0:01:10]} 15. Bxc4 {[%emt 0:00:20]} Bxc4 {[%emt 0:00:26]} 16. Rxc4 {[%emt 0:00:05]} Nd7 {[%emt 0:00:43]} 17. Ne2 {[%emt 0:03:21]} Rfb8 {[%emt 0:03:56]} 18. O-O {[%emt 0:01:49]} f6 {[%emt 0:01:42]} 19. Rc7 {[%emt 0:04:33]} Nb6 {[%emt 0:02:49]} 20. Ra1 {[%emt 0:03:04]} a5 {[%emt 0:00:59]} 21. c4 {[%emt 0:01:38]} a4 {[%emt 0:05:18]} 22. Nc3 {[%emt 0:02:01]} Rc8 {[%emt 0:02:38]} 23. Rxc8+ {[%emt 0:00:34]} Rxc8 {[%emt 0:00:43]} 24. Nd5 {[%emt 0:00:42]} Nxd5 {[%emt 0:00:24]} 25. cxd5 {[%emt 0:00:36]} Rc4 {[%emt 0:00:47]} 26. Ra2 {[%emt 0:00:55]} g6 {[%emt 0:00:47]} 27. Kf2 {[%emt 0:00:23]} Kf7 {[%emt 0:00:50]} 28. Ke3 {[%emt 0:02:07]} f5 {[%emt 0:00:36]} 29. Kd3 {[%emt 0:01:29]} Rd4+ {[%emt 0:00:10]} 30. Ke3 {[%emt 0:00:04]} fxe4 {[%emt 0:00:23]} 31. fxe4 {[%emt 0:00:08]} Ke7 {[%emt 0:00:46]} 32. Ra3 {[%emt 0:07:04]} Kd6 {[%emt 0:00:50]} 33. Rc3 {[%emt 0:02:12]} 1/2-1/2

[Event "47th GRE-chT 2019"]
[Site "Patra"]
[Date "2019.07.04"]
[Round "4.17"]
[White "Gkikas, Vasilios"]
[Black "Betsakos, Konstantinos"]
[Result "1/2-1/2"]
[WhiteElo "1950"]
[BlackElo "2094"]
[Annotator "NA"]
[PlyCount "102"]
[EventDate "2019.07.02"]
[EventCountry "GRE"]
[SourceTitle "playchess.com"]
[Source "ChessBase"]
[SourceQuality "1"]
[TimeControl "5400+30"]

1. d4 {[%emt 0:00:09]} Nf6 {[%emt 0:00:00]} 2. c4 {[%emt 0:00:28]} e6 {[%emt 0:00:07]} 3. Nf3 {[%emt 0:00:33]} Bb4+ {[%emt 0:00:30]} 4. Bd2 {[%emt 0:00:07]} a5 {[%emt 0:00:52]} 5. g3 {[%emt 0:00:14]} d6 {[%emt 0:00:10]} 6. Bg2 {[%emt 0:00:07]} Nbd7 {[%emt 0:00:05]} 7. O-O {[%emt 0:00:15]} e5 {[%emt 0:00:06]} 8. a3 {[%emt 0:01:03]} Bxd2 {[%emt 0:00:18]} 9. Qxd2 {[%emt 0:00:58]} O-O {[%emt 0:07:58]} 10. Nc3 {[%emt 0:00:29]} exd4 {[%emt 0:00:19]} 11. Nxd4 {[%emt 0:00:08]} Nb6 {[%emt 0:03:26]} 12. b3 {[%emt 0:03:47]} c6 {[%emt 0:08:42]} 13. Qc2 {[%emt 0:08:18]} a4 {[%emt 0:06:03]} 14. b4 {[%emt 0:04:38]} Nxc4 {[%emt 0:01:27]} 15. Nxa4 {[%emt 0:00:07]} d5 {[%emt 0:01:43]} 16. Nb2 {[%emt 0:10:10]} Nxb2 {[%emt 0:03:28]} 17. Qxb2 {[%emt 0:03:07]} Ne4 {[%emt 0:04:05]} 18. Nb3 {[%emt 0:02:18]} Re8 {[%emt 0:07:54]} 19. e3 {[%emt 0:07:13]} h5 {[%emt 0:03:29]} 20. Nd2 {[%emt 0:04:26]} Nd6 {[%emt 0:06:11]} 21. a4 {[%emt 0:02:58]} Bf5 {[%emt 0:15:42]} 22. Qc3 {[%emt 0:06:01]} Qd7 {[%emt 0:06:55]} 23. Rfc1 {[%emt 0:06:20]} h4 {[%emt 0:05:29]} 24. Qd4 {[%emt 0:07:08]} hxg3 {[%emt 0:06:19]} 25. hxg3 {[%emt 0:00:16]} Re6 {[%emt 0:07:06]} 26. b5 {[%emt 0:01:36]} Rg6 {[%emt 0:01:32]} 27. bxc6 {[%emt 0:04:04]} bxc6 {[%emt 0:00:04]} 28. a5 {[%emt 0:04:06]} Nb5 {[%emt 0:02:56]} 29. Qc5 {[%emt 0:02:17]} Bh3 {[%emt 0:00:39]} 30. Bh1 {[%emt 0:00:53]} Ra6 {[%emt 0:00:50]} 31. Nf3 {[%emt 0:01:31]} Qc7 {[%emt 0:00:33]} 32. Kh2 {[%emt 0:03:20]} Rh6 {[%emt 0:00:02]} 33. Kg1 {[%emt 0:00:32]} Rxa5 {[%emt 0:00:52]} 34. Rxa5 {[%emt 0:01:13]} Qxa5 {[%emt 0:00:01]} 35. Ne5 {[%emt 0:01:31]} Rf6 {[%emt 0:00:53]} 36. Nxc6 {[%emt 0:06:00]} Qd2 {[%emt 0:00:08]} 37. Ne7+ {[%emt 0:00:08]} Kh8 {[%emt 0:00:20]} 38. Qc2 {[%emt 0:00:06]} Rxf2 {[%emt 0:00:40]} 39. Qxd2 {[%emt 0:00:23]} Rxd2 {[%emt 0:00:01]} 40. Nxd5 {[%emt 0:00:00]} g5 {[%emt 0:00:00]} 41. Nc3 {[%emt 0:00:00]} Nxc3 {[%emt 0:00:00]} 42. Rxc3 {[%emt 0:00:00]} Kg7 {[%emt 0:00:00]} 43. Bf3 {[%emt 0:00:00]} Kf6 {[%emt 0:00:00]} 44. g4 {[%emt 0:00:00]} Rb2 {[%emt 0:00:00]} 45. Rc6+ {[%emt 0:00:00]} Kg7 {[%emt 0:00:00]} 46. Rc5 {[%emt 0:00:00]} f5 {[%emt 0:00:00]} 47. gxf5 {[%emt 0:00:00]} g4 {[%emt 0:00:00]} 48. Be4 {[%emt 0:00:00]} Kf6 {[%emt 0:00:00]} 49. Rc2 {[%emt 0:00:00]} Rb4 {[%emt 0:00:00]} 50. Bg2 {[%emt 0:00:00]} Bxg2 {[%emt 0:00:00]} 51. Kxg2 {[%emt 0:00:00]} Kxf5 {[%emt 0:00:01]} 1/2-1/2

[Event "47th GRE-chT 2019"]
[Site "Patra"]
[Date "2019.07.04"]
[Round "4.17"]
[White "Arapkoule, Eirini"]
[Black "Kouta, Antonia"]
[Result "0-1"]
[WhiteElo "1370"]
[BlackElo "1762"]
[Annotator "NA"]
[PlyCount "32"]
[EventDate "2019.07.02"]
[EventCountry "GRE"]
[SourceTitle "playchess.com"]
[Source "ChessBase"]
[SourceQuality "1"]
[TimeControl "5400+30"]

1. d4 {[%emt 0:00:00]} Nf6 {[%emt 0:00:00]} 2. c4 {[%emt 0:00:00]} e6 {[%emt 0:00:00]} 3. Nc3 {[%emt 0:00:00]} Bb4 {[%emt 0:00:00]} 4. e3 {[%emt 0:00:19]} O-O {[%emt 0:00:58]} 5. Bd3 {[%emt 0:00:37]} d5 {[%emt 0:01:43]} 6. Nf3 {[%emt 0:00:40]} b6 {[%emt 0:03:52]} 7. O-O {[%emt 0:00:32]} Bb7 {[%emt 0:02:18]} 8. Qc2 {[%emt 0:03:44]} c5 {[%emt 0:14:41]} 9. a3 {[%emt 0:00:44]} Bxc3 {[%emt 0:01:32]} 10. bxc3 {[%emt 0:00:32]} dxc4 {[%emt 0:03:50]} 11. Bxc4 {[%emt 0:00:24]} Nc6 {[%emt 0:00:55]} 12. Bb2 {[%emt 0:00:44]} Na5 {[%emt 0:04:32]} 13. Be2 {[%emt 0:01:23]} c4 {[%emt 0:07:21]} 14. Bd1 {[%emt 0:07:58]} Nb3 {[%emt 0:02:57]} 15. Rb1 {[%emt 0:01:43]} Be4 {[%emt 0:00:21]} 16. Qe2 {[%emt 0:01:24]} Bxb1 {[%emt 0:00:45]} 0-1